00645nam a2200193 a 450000100100000000500170001000800410002704000250006808200170009324500770011026000700018730000280025749000260028565000240031165000240033565000440035970000220040383000260042500001097020200929162328.0091013s1975 dr a 001 0 spa d aDO-SdBNPbspacBNPHU a155.3bP974s00aPsicología y sexualidad /ccoolaboradores Luis E. Montalvo... [et.al]. aSanto Domingo :bInstituto Nacional de Educación Sexual,c1975. a244 p. :bil. ;c22 cm.1 aEducación sexualv6 4aSexo (psicología) 4aSexualidad infantil 4aHomosexualidadxAspectos psicologícos1 aMontalvo, Luis E. 0aEducación Sexualv6